[Event "PHI-ch (Women)"]
[Site "Malolos City"]
[Date "2024.03.21"]
[Round "7"]
[White "Mordido, Kylen Joy"]
[Black "Mejia, Cherry Ann"]
[Result "1/2-1/2"]
[WhiteElo "1975"]
[BlackElo "1951"]
[PlyCount "63"]
[EventDate "2024.03.17"]
[EventType "tourn"]
[EventRounds "11"]
[EventCountry "PHI"]
[SourceTitle "CB13_2024"]
[SourceDate "2024.03.27"]
[SourceVersion "1"]
[SourceVersionDate "2024.03.27"]
[SourceQuality "1"]

1. c4 e5 2. Nc3 Nc6 3. Nf3 g6 4. d4 exd4 5. Nxd4 Bg7 6. Nxc6 bxc6 7. g3 Ne7 8. Bg2 d6 9. Bg5 f6 10. Bf4 Be6 11. b3 Qd7 12. h4 h6 13. Qd3 0-0 14. Rd1 Rad8 15. e4 f5 16. 0-0 Kh7 17. Rfe1 fxe4 18. Nxe4 Nf5 19. Bh3 Qf7 20. Qc2 Bd7 21. h5 Nd4 22. Rxd4 Bxd4 23. Bxh6 Kxh6 24. Qd2+ g5 25. Qxg5+ Kh7 26. Qd2 Bxf2+ 27. Nxf2 Qxf2+ 28. Qxf2 Rxf2 29. Kxf2 Bxh3 30. Re7+ Kh6 31. Rxc7 Kxh5 32. Rxc6 1/2-1/2

[Event "PHI-ch (Women)"]
[Site "Malolos City"]
[Date "2024.03.18"]
[Round "2"]
[White "Ramos, April Joy"]
[Black "Mordido, Kylen Joy"]
[Result "0-1"]
[WhiteElo "1752"]
[BlackElo "1975"]
[PlyCount "110"]
[EventDate "2024.03.17"]
[EventType "tourn"]
[EventRounds "11"]
[EventCountry "PHI"]
[SourceTitle "CB13_2024"]
[SourceDate "2024.03.27"]
[SourceVersion "1"]
[SourceVersionDate "2024.03.27"]
[SourceQuality "1"]

1. d4 Nf6 2. Nf3 g6 3. h3 Bg7 4. c3 b6 5. Bf4 Bb7 6. e3 d6 7. Bc4 0-0 8. 0-0 Nbd7 9. Nbd2 Qe8 10. Qb3 e5 11. Bh2 Qe7 12. a4 a6 13. Rfc1 Rfb8 14. Qc2 c5 15. dxe5 Nxe5 16. Nxe5 dxe5 17. Be2 Bh6 18. Nc4 Nd7 19. Rd1 Bf8 20. Nd6 Bc6 21. Bc4 b5 22. Bxf7+ Kg7 23. Ba2 c4 24. Ne4 Re8 25. Rd2 Bxe4 26. Qxe4 Nc5 27. Qg4 Rad8 28. Rad1 Rd3 29. Bb1 h5 30. Qe2 e4 31. Bc2 Red8 32. axb5 axb5 33. Bg3 Kh7 34. Kf1 Bg7 35. Bf4 Ra8 36. Rb1 Ra2 37. Bxd3 exd3 38. Qf3 Ne4 39. Rdd1 b4 40. cxb4 Rxb2 41. Rxb2 Bxb2 42. Kg1 c3 43. Rxd3 c2 44. b5 c1Q+ 45. Kh2 Qc4 46. Rd1 Qxb5 47. Kg1 Bg7 48. Rc1 Nc3 49. Re1 Qe4 50. Qxe4 Nxe4 51. Rc1 Qb2 52. Rc7 Qxf2+ 53. Kh1 Ng3+ 54. Bxg3 Qxg3 55. Re7 Kh6 0-1

[Event "PHI-ch (Women)"]
[Site "Malolos City"]
[Date "2024.03.17"]
[Round "1"]
[White "Lacambra, Jarel Renz"]
[Black "Mordido, Kylen Joy"]
[Result "0-1"]
[WhiteElo "1722"]
[BlackElo "1975"]
[PlyCount "186"]
[EventDate "2024.03.17"]
[EventType "tourn"]
[EventRounds "11"]
[EventCountry "PHI"]
[SourceTitle "CB13_2024"]
[SourceDate "2024.03.27"]
[SourceVersion "1"]
[SourceVersionDate "2024.03.27"]
[SourceQuality "1"]

1. d4 Nf6 2. Nf3 d5 3. Bf4 c5 4. c3 e6 5. e3 Nc6 6. Nbd2 Bd6 7. Ne5 0-0 8. Bd3 Qc7 9. Ndf3 h6 10. h3 Rb8 11. a4 Bd7 12. 0-0 Rfd8 13. Re1 c4 14. Bc2 a6 15. a5 Nxa5 16. Nxf7 Bxf4 17. Nxd8 Bd6 18. Nxb7 Rxb7 19. Ra2 Bb5 20. e4 Nd7 21. Qe2 Nf8 22. Nh4 Qd8 23. Qg4 Rf7 24. e5 Bc7 25. Ng6 Qg5 26. Qxg5 hxg5 27. Nxf8 Rxf8 28. g3 Nc6 29. Kg2 a5 30. Rf1 Ne7 31. Raa1 Be8 32. Kg1 Bg6 33. Ba4 Bf5 34. Kg2 Bd3 35. Rfc1 Be4+ 36. Kg1 Rb8 37. Ra2 Bf3 38. Bc2 Kf7 39. Bd1 Be4 40. Bc2 Bf3 41. Bd1 Bxd1 42. Rxd1 Ke8 43. Kg2 Kd7 44. Kf3 Rf8+ 45. Kg2 Kc6 46. Rh1 Nf5 47. Re1 Kb5 48. Rea1 Bb6 49. Rd1 Kc6 50. Ra3 Bc7 51. Ra4 Rb8 52. Ra2 Kb5 53. Kf3 Rh8 54. Kg2 Bd8 55. Rda1 Bb6 56. Rd1 Rf8 57. Ra3 Kc6 58. Ra4 Rb8 59. Ra2 Rb7 60. Kf3 Nh6 61. Rh1 Rf7+ 62. Kg2 Nf5 63. Rd1 Kb5 64. Ra3 Bd8 65. Ra2 Ra7 66. Rh1 Be7 67. Kf3 Nh6 68. Rha1 Bd8 69. Rh1 Rf7+ 70. Kg2 Nf5 71. Re1 Ne7 72. Ra3 Nc6 73. Ra2 Bb6 74. Rd1 Nxe5 75. dxe5 Rxf2+ 76. Kh1 Re2 77. Rf1 Bc7 78. Rfa1 Rxe5 79. Rg1 Re3 80. Kh2 e5 81. Raa1 d4 82. cxd4 exd4 83. Rg2 d3 84. Rf1 Kb4 85. Rf7 Be5 86. Rb7+ Kc5 87. Ra7 Kb6 88. Rd7 Re2 89. Rd8 Rxg2+ 90. Kxg2 Bxb2 91. Rb8+ Kc5 92. Rxb2 c3 93. Rb8 d2 0-1

[Event "Olympiad Women-44"]
[Site "Chennai"]
[Date "2022.08.09"]
[Round "11.4"]
[White "Forgas Moreno, Yaniela"]
[Black "Mordido, Kylen Joy"]
[Result "1/2-1/2"]
[WhiteElo "2343"]
[BlackElo "2023"]
[PlyCount "83"]
[EventDate "2022.07.29"]
[EventType "team-swiss"]
[EventRounds "11"]
[EventCountry "IND"]
[SourceTitle "CBM 210"]
[Source "ChessBase"]
[SourceDate "2022.10.31"]
[SourceVersion "1"]
[SourceVersionDate "2022.10.31"]
[SourceQuality "1"]
[WhiteTeam "Cuba (W)"]
[BlackTeam "Philippines (W)"]
[WhiteTeamCountry "CUB"]
[BlackTeamCountry "PHI"]

1. e4 c5 2. Nc3 Nc6 3. g3 g6 4. Bg2 Bg7 5. d3 d6 6. Be3 Nf6 7. h3 Rb8 8. Qd2 Nd4 9. Nd1 e5 10. c3 Ne6 11. Ne2 d5 12. Qc2 0-0 13. 0-0 b6 14. f4 dxe4 15. dxe4 exf4 16. gxf4 Ba6 17. f5 Nc7 18. c4 Nh5 19. Nf2 Qe7 20. Ng4 Ne8 21. Nf4 Nxf4 22. Bxf4 Bd4+ 23. Kh1 Nd6 24. f6 Qe6 25. Bxd6 Qxd6 26. e5 Bxe5 27. Qc1 Kh8 28. Qh6 Rg8 29. Qg5 Bd4 30. Bd5 Bb7 31. Nh6 Rgf8 32. Rae1 Bxd5+ 33. cxd5 Rb7 34. b3 Rd7 35. Re7 Qxd5+ 36. Qxd5 Rxd5 37. Nxf7+ Kg8 38. Nh6+ Kh8 39. Nf7+ Kg8 40. Nh6+ Kh8 41. Nf7+ Kg8 42. Nh6+ 1/2-1/2

[Event "Olympiad Women-44"]
[Site "Chennai"]
[Date "2022.08.08"]
[Round "10.4"]
[White "Nguyen, Thien Ngan"]
[Black "Mordido, Kylen Joy"]
[Result "0-1"]
[WhiteElo "1912"]
[BlackElo "2023"]
[PlyCount "102"]
[EventDate "2022.07.29"]
[EventType "team-swiss"]
[EventRounds "11"]
[EventCountry "IND"]
[SourceTitle "CBM 210"]
[Source "ChessBase"]
[SourceDate "2022.10.31"]
[SourceVersion "1"]
[SourceVersionDate "2022.10.31"]
[SourceQuality "1"]
[WhiteTeam "Vietnam (W)"]
[BlackTeam "Philippines (W)"]
[WhiteTeamCountry "VIE"]
[BlackTeamCountry "PHI"]

1. e4 c5 2. Nf3 e6 3. d4 cxd4 4. Nxd4 a6 5. Bd3 Nf6 6. Qe2 d6 7. 0-0 g6 8. Nc3 Bg7 9. Kh1 0-0 10. f4 Nfd7 11. Nf3 Nc6 12. Bd2 b5 13. Rae1 Bb7 14. Ng5 Rc8 15. Qg4 Nf6 16. Qh3 h6 17. Nf3 b4 18. Nd1 d5 19. e5 Ne4 20. Be3 Ne7 21. Nd4 Nf5 22. Bg1 h5 23. Nxf5 exf5 24. Bd4 Qa5 25. Ne3 Rc7 26. Be2 b3 27. c3 bxa2 28. Qh4 Rc6 29. Qe7 Bc8 30. Nc2 Nd2 31. Rg1 Nb1 32. Na1 Be6 33. Bd3 Nd2 34. Re2 Ne4 35. Qb7 Rfc8 36. Nc2 Bf8 37. Ra1 Nc5 38. Bxc5 Bxc5 39. Qb3 Qb6 40. Qxb6 Rxb6 41. Rxa2 d4 42. c4 Rb3 43. Ne1 Bb4 44. Bc2 Bxc4 45. Bxb3 Bxe2 46. Ra1 d3 47. Bd1 d2 48. Nc2 Bxd1 49. Nxb4 Rc1 50. Rxc1 dxc1Q 51. Nd3 Qb1 0-1

[Event "Olympiad Women-44"]
[Site "Chennai"]
[Date "2022.08.02"]
[Round "5.4"]
[White "Ratsma, Rosa"]
[Black "Mordido, Kylen Joy"]
[Result "1/2-1/2"]
[WhiteElo "2226"]
[BlackElo "2023"]
[PlyCount "92"]
[EventDate "2022.07.29"]
[EventType "team-swiss"]
[EventRounds "11"]
[EventCountry "IND"]
[SourceTitle "CBM 210"]
[Source "ChessBase"]
[SourceDate "2022.10.31"]
[SourceVersion "1"]
[SourceVersionDate "2022.10.31"]
[SourceQuality "1"]
[WhiteTeam "Netherlands (W)"]
[BlackTeam "Philippines (W)"]
[WhiteTeamCountry "NED"]
[BlackTeamCountry "PHI"]

1. e4 c5 2. Nf3 e6 3. d4 cxd4 4. Nxd4 a6 5. Bd3 Qc7 6. 0-0 Nf6 7. Qe2 d6 8. c4 g6 9. Nc3 Bg7 10. Rd1 0-0 11. h3 b6 12. Be3 Nbd7 13. Rac1 Bb7 14. b4 Rac8 15. f4 Qb8 16. Bf2 Bh6 17. Be3 Qa8 18. Qf3 Rfe8 19. Nb3 d5 20. cxd5 exd5 21. Nxd5 Nxd5 22. exd5 Rxc1 23. Bxc1 Bxd5 24. Qf1 b5 25. Qf2 Bf8 26. Bb2 f6 27. Qg3 Re7 28. Bd4 Qb8 29. h4 Bh6 30. Rf1 Qd6 31. Qf2 f5 32. Nc5 Bg7 33. Bxg7 Rxg7 34. Qd4 Nxc5 35. bxc5 Qc6 36. Re1 Rc7 37. Kh2 Bf7 38. Re5 Bxa2 39. Qd8+ Kg7 40. h5 Qd7 41. h6+ Kxh6 42. Qf8+ Qg7 43. Qd8 Qd7 44. Qf8+ Qg7 45. Qd8 Qd7 46. Qf8+ Qg7 1/2-1/2

[Event "Speed Chess (Women) Q2"]
[Site "Chess.com INT"]
[Date "2022.05.26"]
[Round "6"]
[White "Gu, Xiaobing"]
[Black "Mordido, Kylen Joy"]
[Result "0-1"]
[WhiteElo "2219"]
[BlackElo "2034"]
[PlyCount "92"]
[EventDate "2022.05.26"]
[EventType "swiss (blitz)"]
[EventRounds "14"]
[EventCountry "USA"]
[SourceTitle "CBM 208 Extra"]
[Source "ChessBase"]
[SourceDate "2022.07.31"]
[SourceVersion "1"]
[SourceVersionDate "2022.07.31"]
[SourceQuality "1"]

1. e4 c5 2. Nf3 e6 3. g3 d5 4. exd5 Qxd5 5. Bg2 Nf6 6. Nc3 Qd8 7. d4 Nc6 8. Be3 Ng4 9. 0-0 Nxe3 10. fxe3 Be7 11. Ne4 cxd4 12. exd4 0-0 13. c3 b6 14. Qe2 Bb7 15. Rad1 Rc8 16. h4 Qc7 17. Nfg5 h6 18. Nh3 Rfe8 19. Nf4 Bf8 20. Qh5 Rcd8 21. Rf2 e5 22. dxe5 Rxe5 23. Rxd8 Rxh5 24. Rxf8+ Kh7 25. Nxh5 Ne5 26. Re8 Ng4 27. Rd2 Bxe4 28. Bxe4+ g6 29. Nf4 Nf6 30. Rdd8 Nxe8 31. Rxe8 Qc5+ 32. Kg2 Kg7 33. h5 g5 34. Nd3 Qb5 35. Kh3 Qd7+ 36. g4 Qxe8 37. Bf5 Qe3+ 38. Kg2 Kf6 39. Nb4 Qd2+ 40. Kf3 a5 41. Nc6 Qd5+ 42. Be4 Qxa2 43. Nd4 Qxb2 44. Ne2 a4 45. Ke3 a3 46. Kd4 a2 0-1

[Event "Speed Chess (Women) Q2"]
[Site "Chess.com INT"]
[Date "2021.05.29"]
[Round "9"]
[White "Lujan, Carolina"]
[Black "Mordido, Kylen Joy"]
[Result "0-1"]
[WhiteElo "2346"]
[BlackElo "2014"]
[PlyCount "74"]
[EventDate "2021.05.29"]
[EventType "swiss (blitz)"]
[EventRounds "13"]
[EventCountry "USA"]
[SourceTitle "CBM 202 Extra"]
[Source "ChessBase"]
[SourceDate "2021.07.31"]
[SourceVersion "1"]
[SourceVersionDate "2021.07.31"]
[SourceQuality "1"]

1. e4 c5 2. Nf3 e6 3. g3 Nc6 4. Bg2 d6 5. 0-0 Nf6 6. Re1 Be7 7. c3 e5 8. a3 0-0 9. b4 Qc7 10. d3 Rd8 11. b5 Na5 12. c4 Bg4 13. Nc3 b6 14. Bg5 Qd7 15. Rb1 Nb7 16. Qd2 Ne8 17. Bxe7 Qxe7 18. Nh4 Nc7 19. Nf5 Qf6 20. Nd5 Nxd5 21. cxd5 Bxf5 22. exf5 Qxf5 23. Be4 Qh5 24. Bg2 Rf8 25. f4 Rae8 26. Rf1 exf4 27. Qxf4 Qe5 28. Qg4 f5 29. Qg5 Qf6 30. Qf4 Re5 31. a4 Na5 32. Rb2 Rfe8 33. Rbf2 g6 34. Qh6 Qg7 35. Qg5 Qe7 36. Rxf5 Qxg5 37. Rxg5 Rxg5 0-1

[Event "Speed Chess (Women) Q2"]
[Site "Chess.com INT"]
[Date "2021.05.29"]
[Round "3"]
[White "Mordido, Kylen Joy"]
[Black "Girya, Olga"]
[Result "0-1"]
[WhiteElo "2014"]
[BlackElo "2451"]
[PlyCount "70"]
[EventDate "2021.05.29"]
[EventType "swiss (blitz)"]
[EventRounds "13"]
[EventCountry "USA"]
[SourceTitle "CBM 202 Extra"]
[Source "ChessBase"]
[SourceDate "2021.07.31"]
[SourceVersion "1"]
[SourceVersionDate "2021.07.31"]
[SourceQuality "1"]

1. c4 e6 2. d4 d5 3. Nf3 Nf6 4. g3 Bb4+ 5. Bd2 Be7 6. Bg2 0-0 7. 0-0 Nbd7 8. Nc3 c6 9. Rc1 dxc4 10. e4 b5 11. Qe2 Bb7 12. Rfd1 a6 13. Bf4 Qb6 14. d5 cxd5 15. exd5 Bc5 16. dxe6 fxe6 17. Ng5 Bxg2 18. Kxg2 e5 19. Be3 Bxe3 20. Qxe3 Qxe3 21. fxe3 Nc5 22. Rd2 Ng4 23. Re2 Nd3 24. Rf1 Rxf1 25. Kxf1 Rf8+ 26. Kg2 h6 27. Nf3 Nf6 28. Ne1 b4 29. Na4 Ne4 30. Nb6 Nxe1+ 31. Rxe1 Rf2+ 32. Kg1 Rxb2 33. Nxc4 Rxa2 34. Nxe5 b3 35. Rc1 b2 0-1

[Event "Speed Chess (Women) Q2"]
[Site "Chess.com INT"]
[Date "2021.05.29"]
[Round "2"]
[White "Samaganova, Alexandra"]
[Black "Mordido, Kylen Joy"]
[Result "0-1"]
[WhiteElo "1993"]
[BlackElo "2014"]
[PlyCount "116"]
[EventDate "2021.05.29"]
[EventType "swiss (blitz)"]
[EventRounds "13"]
[EventCountry "USA"]
[SourceTitle "CBM 202 Extra"]
[Source "ChessBase"]
[SourceDate "2021.07.31"]
[SourceVersion "1"]
[SourceVersionDate "2021.07.31"]
[SourceQuality "1"]

1. c4 Nf6 2. Nc3 c5 3. Nf3 d5 4. cxd5 Nxd5 5. e3 Nc6 6. d4 cxd4 7. exd4 g6 8. Be2 Bg7 9. h3 0-0 10. 0-0 b6 11. Re1 Bb7 12. a3 Rc8 13. Bb5 e6 14. Bg5 Nxc3 15. bxc3 Qd5 16. c4 Qd6 17. Be3 Rfd8 18. Qa4 Na5 19. Rad1 a6 20. Bxa6 Bxa6 21. c5 Qc6 22. Qb4 Nc4 23. Bg5 Rd5 24. Bf4 bxc5 25. dxc5 Qxc5 26. Qa4 Qb5 27. Qxb5 Bxb5 28. Rb1 Nxa3 29. Rb3 Nc4 30. Reb1 Be8 31. Rb7 h6 32. Rb8 Rdd8 33. Rxc8 Rxc8 34. Rc1 Nb6 35. Rb1 Nd5 36. Bd6 Bf8 37. Be5 Ba3 38. Rb7 Bc6 39. Ra7 Bc5 40. Ra2 Nb4 41. Rb2 Nd3 42. Re2 Bxf3 43. gxf3 Nxe5 44. Rxe5 Bd4 45. Re2 e5 46. Kg2 Kg7 47. Kg3 Kf6 48. f4 Kf5 49. fxe5 Bxe5+ 50. Kg2 Rc3 51. Ra2 Kg5 52. Re2 f6 53. Ra2 Bf4 54. Ra5+ f5 55. Ra2 Rd3 56. Rb2 Rd2 57. Rb6 Be3 58. Kf3 Bxb6 0-1

[Event "Zonal 3.3 Online"]
[Site "Tornelo INT"]
[Date "2021.05.07"]
[Round "7"]
[White "Mordido, Kylen Joy"]
[Black "Medina, Vince Angelo"]
[Result "0-1"]
[WhiteElo "2014"]
[BlackElo "2137"]
[PlyCount "104"]
[EventDate "2021.05.01"]
[EventType "swiss"]
[EventRounds "9"]
[EventCountry "PHI"]
[SourceTitle "CBM 202 Extra"]
[Source "ChessBase"]
[SourceDate "2021.07.31"]
[SourceVersion "1"]
[SourceVersionDate "2021.07.31"]
[SourceQuality "1"]

1. c4 e6 2. Nf3 d5 3. d4 f5 4. g3 Nf6 5. Bg2 c6 6. 0-0 Bd6 7. b3 0-0 8. Bb2 Bd7 9. Nbd2 Be8 10. Qc1 Bh5 11. Re1 Nbd7 12. Ne5 Ne4 13. Nxe4 fxe4 14. Nxd7 Qxd7 15. Qe3 Qe7 16. c5 Bc7 17. f3 e5 18. fxe4 exd4 19. Bxd4 Rfe8 20. Rf1 dxe4 21. Rad1 Rad8 22. b4 Bf7 23. a3 Bd5 24. Rf5 Rf8 25. Rdf1 Rxf5 26. Rxf5 h6 27. Bb2 a5 28. Bc3 axb4 29. axb4 Ra8 30. Qd4 Rd8 31. Qe3 Qe6 32. Bh3 Qg6 33. Rf1 Re8 34. Bf5 Qh5 35. b5 Bd8 36. Bd7 Bg5 37. Qd4 Re7 38. Qf2 Rf7 39. Be8 Rxf2 40. Bxh5 Rxf1+ 41. Kxf1 cxb5 42. Bd4 b4 43. Ke1 Kf8 44. e3 Bf6 45. Kd2 Ke7 46. Bd1 Bxd4 47. exd4 b3 48. Kc3 e3 49. Be2 Kd8 50. Bd1 Kc7 51. Bg4 Bc4 52. Bf5 b2 0-1

[Event "Zonal 3.3 Online"]
[Site "Tornelo INT"]
[Date "2021.05.05"]
[Round "5"]
[White "Mordido, Kylen Joy"]
[Black "Arca, Christian Gian Karl"]
[Result "1/2-1/2"]
[WhiteElo "2014"]
[BlackElo "1705"]
[PlyCount "112"]
[EventDate "2021.05.01"]
[EventType "swiss"]
[EventRounds "9"]
[EventCountry "PHI"]
[SourceTitle "CBM 202 Extra"]
[Source "ChessBase"]
[SourceDate "2021.07.31"]
[SourceVersion "1"]
[SourceVersionDate "2021.07.31"]
[SourceQuality "1"]

1. c4 c6 2. Nf3 d5 3. d4 Nf6 4. g3 a6 5. Bg2 dxc4 6. 0-0 b5 7. Ne5 Bb7 8. Nc3 e6 9. f4 Bd6 10. e4 Bc7 11. Be3 0-0 12. Qe2 Nbd7 13. Rad1 Bb6 14. Kh1 Qc8 15. Nxd7 Qxd7 16. e5 Nd5 17. Ne4 Nxe3 18. Qxe3 Rad8 19. f5 exf5 20. Nd6 f6 21. e6 Qxd6 22. e7 Bxd4 23. exf8Q+ Kxf8 24. Qe2 Qd7 25. Qf3 g6 26. Rfe1 Ba8 27. Qe2 c5 28. Qe6 Qxe6 29. Rxe6 Bxg2+ 30. Kxg2 Re8 31. Rxe8+ Kxe8 32. b3 cxb3 33. axb3 Kd7 34. Kf3 a5 35. Ke2 a4 36. bxa4 bxa4 37. Kd3 a3 38. Rd2 Bb2 39. Kc2+ Kc6 40. Rd8 c4 41. Rh8 c3 42. Kb1 Kd5 43. Rxh7 Ke4 44. Rg7 g5 45. h4 f4 46. hxg5 fxg5 47. Rxg5 c2+ 48. Kxc2 f3 49. Rg8 Bf6 50. Kb3 Kf5 51. Rc8 Bb2 52. Rc4 Be5 53. Kxa3 Bxg3 54. Rc3 f2 55. Rf3+ Ke4 56. Rxf2 Bxf2 1/2-1/2

[Event "Zonal 3.3 Online"]
[Site "Tornelo INT"]
[Date "2021.05.03"]
[Round "3"]
[White "Mordido, Kylen Joy"]
[Black "Setyaki, Azarya Jodi"]
[Result "1/2-1/2"]
[WhiteElo "2014"]
[BlackElo "2389"]
[PlyCount "79"]
[EventDate "2021.05.01"]
[EventType "swiss"]
[EventRounds "9"]
[EventCountry "PHI"]
[SourceTitle "CBM 202 Extra"]
[Source "ChessBase"]
[SourceDate "2021.07.31"]
[SourceVersion "1"]
[SourceVersionDate "2021.07.31"]
[SourceQuality "1"]

1. c4 Nf6 2. Nc3 g6 3. Nf3 Bg7 4. g3 0-0 5. Bg2 d6 6. d4 Nbd7 7. 0-0 e5 8. Qc2 exd4 9. Nxd4 Re8 10. Rd1 a6 11. Bf4 Rb8 12. Rac1 Nh5 13. Be3 Ne5 14. c5 Ng4 15. cxd6 Nxe3 16. fxe3 Nf6 17. Qb3 Bd7 18. Nd5 cxd6 19. Rf1 Re5 20. Nxf6+ Bxf6 21. Bd5 Be8 22. Rf2 Qa5 23. Rxf6 Qxd5 24. Qxd5 Rxd5 25. Rc7 Rc5 26. Re7 Kf8 27. Re4 Re5 28. Rh4 Ke7 29. Rf1 h5 30. Rc1 Rc5 31. Re4+ Re5 32. Rf4 Rxe3 33. Kf2 Re5 34. Rc3 Bd7 35. Rcf3 Rf8 36. Rb3 Rb8 37. Rbf3 Be8 38. Rc3 Rc5 39. Re3+ Re5 40. Rc3 1/2-1/2

[Event "Wch FIDE Online U18 Girls Asia qual"]
[Site "Tornelo INT"]
[Date "2020.12.12"]
[Round "3"]
[White "Mordido, Kylen Joy"]
[Black "Mairambekova, Aiperi"]
[Result "1-0"]
[WhiteElo "2014"]
[BlackElo "1561"]
[PlyCount "91"]
[EventDate "2020.12.11"]
[EventType "swiss (rapid)"]
[EventRounds "7"]
[EventCountry "ISS"]
[SourceTitle "EXT 2022"]
[Source "ChessBase"]
[SourceDate "2021.10.06"]
[SourceVersion "1"]
[SourceVersionDate "2021.10.06"]
[SourceQuality "1"]

1. c4 e6 2. Nf3 d5 3. d4 Nf6 4. g3 Be7 5. Bg2 0-0 6. 0-0 c5 7. cxd5 exd5 8. Nc3 Be6 9. b3 Nc6 10. Bb2 Rc8 11. dxc5 Bxc5 12. e3 h6 13. Rc1 Qe7 14. Nb5 a6 15. Nbd4 Nxd4 16. Nxd4 Bxd4 17. Qxd4 Qd7 18. Rfd1 Rfd8 19. Qe5 b5 20. Rxc8 Rxc8 21. e4 Rc5 22. Qb8+ Kh7 23. Bxf6 gxf6 24. exd5 Bxd5 25. Qf4 Qe6 26. Qd4 Bxg2 27. Qxc5 Qe4 28. Qd4 Qf3 29. Qd3+ Kg7 30. Qxf3 Bxf3 31. Rd6 a5 32. Ra6 a4 33. bxa4 bxa4 34. Rxa4 f5 35. Ra6 Be2 36. Rb6 h5 37. a4 Kf8 38. a5 Ke7 39. a6 Bf3 40. a7 Kd7 41. Rb8 Kc7 42. a8Q Bxa8 43. Rxa8 Kd6 44. Rh8 Ke5 45. Rxh5 Ke4 46. Kg2 1-0

[Event "Asia Nations online Cup (Women) final"]
[Site "Chess.com INT"]
[Date "2020.10.24"]
[Round "3.4"]
[White "Mordido, Kylen Joy"]
[Black "Karenza, Dita"]
[Result "1/2-1/2"]
[WhiteElo "2014"]
[BlackElo "2026"]
[PlyCount "111"]
[EventDate "2020.10.23"]
[EventType "team-k.o. (rapid)"]
[EventRounds "6"]
[EventCountry "IND"]
[SourceTitle "CBM 199 Extra"]
[Source "ChessBase"]
[SourceDate "2021.01.31"]
[SourceVersion "1"]
[SourceVersionDate "2021.01.31"]
[SourceQuality "1"]
[WhiteTeam "Philippines (W)"]
[BlackTeam "Indonesia (W)"]
[WhiteTeamCountry "PHI"]
[BlackTeamCountry "INA"]

1. c4 e6 2. Nf3 d5 3. d4 Nf6 4. g3 c6 5. Bg2 Nbd7 6. Nbd2 Be7 7. 0-0 0-0 8. b3 b6 9. Bb2 Bb7 10. Ne5 Qc7 11. Rc1 Rad8 12. cxd5 exd5 13. Nd3 Rfe8 14. Re1 Bf8 15. Nf1 g6 16. Rc2 Bg7 17. Bc1 Ne4 18. Be3 a5 19. Qc1 Qb8 20. Nd2 Nd6 21. Ne5 Nf5 22. Ndf3 Nxe5 23. dxe5 Nxe3 24. Qxe3 c5 25. Qd3 Bxe5 26. Nxe5 Qxe5 27. Qb5 Qd6 28. Rd1 Re6 29. Rcd2 Qe7 30. Bxd5 Bxd5 31. Rxd5 Rxd5 32. Rxd5 Rxe2 33. Qd3 Re1+ 34. Kg2 Qe4+ 35. Qxe4 Rxe4 36. Kf3 f5 37. Rd6 Rb4 38. Rd7 b5 39. Rc7 c4 40. bxc4 bxc4 41. Rc5 Ra4 42. h4 Rxa2 43. Rxc4 a4 44. Rc7 a3 45. Ra7 Ra1 46. Kf4 a2 47. Kg5 Kf8 48. Kh6 Kg8 49. Ra8+ Kf7 50. Kxh7 g5 51. h5 Rh1 52. Ra7+ Kf6 53. Ra6+ Kf7 54. Ra7+ Kf6 55. Ra6+ Kf7 56. Ra7+ 1/2-1/2

[Event "Asia Nations online Cup (Women) final"]
[Site "Chess.com INT"]
[Date "2020.10.23"]
[Round "1.4"]
[White "Mordido, Kylen Joy"]
[Black "Ranasinghe, Sachini D"]
[Result "1-0"]
[WhiteElo "2014"]
[BlackElo "1723"]
[PlyCount "97"]
[EventDate "2020.10.23"]
[EventType "team-k.o. (rapid)"]
[EventRounds "6"]
[EventCountry "IND"]
[SourceTitle "CBM 199 Extra"]
[Source "ChessBase"]
[SourceDate "2021.01.31"]
[SourceVersion "1"]
[SourceVersionDate "2021.01.31"]
[SourceQuality "1"]
[WhiteTeam "Philippines (W)"]
[BlackTeam "Sri Lanka (W)"]
[WhiteTeamCountry "PHI"]
[BlackTeamCountry "SRI"]

1. c4 e6 2. Nc3 Nf6 3. e4 d5 4. e5 Nfd7 5. d4 dxc4 6. Bxc4 Nb6 7. Bd3 Nc6 8. Nf3 Be7 9. 0-0 0-0 10. Re1 Kh8 11. Re4 f5 12. exf6 Bxf6 13. Be3 Nb4 14. Bb1 Bd7 15. a3 N4d5 16. Qd3 g6 17. Bh6 Bg7 18. Rh4 Bxh6 19. Rxh6 Nf4 20. Qe3 Kg7 21. Rh4 Nh5 22. g3 Bc6 23. Ne5 Be8 24. Ng4 Qe7 25. Bd3 Nd7 26. Re1 Ndf6 27. Qg5 Qd6 28. Nxf6 Rxf6 29. Rxh5 Qxd4 30. Qh6+ Kg8 31. Qxh7+ Kf8 32. Qh8+ Ke7 33. Rh7+ Kd8 34. Ne4 Qxd3 35. Qxf6+ Kc8 36. Rh8 b6 37. Rxe8+ Kb7 38. Rxa8 Kxa8 39. Qxe6 Kb7 40. Nc3 Qc2 41. Qe4+ Qxe4 42. Rxe4 Kc6 43. Re6+ Kc5 44. Rxg6 Kc4 45. Rg4+ Kb3 46. Rb4+ Kc2 47. h4 c5 48. Rb5 c4 49. h5 1-0

[Event "Asia Nations online Cup (Women)"]
[Site "Chess.com INT"]
[Date "2020.10.19"]
[Round "7.1"]
[White "Mordido, Kylen Joy"]
[Black "Gomes, Mary Ann"]
[Result "0-1"]
[WhiteElo "2014"]
[BlackElo "2354"]
[PlyCount "68"]
[EventDate "2020.10.11"]
[EventType "team-swiss (rapid)"]
[EventRounds "9"]
[EventCountry "IND"]
[SourceTitle "CBM 198 Extra"]
[Source "ChessBase"]
[SourceDate "2020.11.30"]
[SourceVersion "1"]
[SourceVersionDate "2020.11.30"]
[SourceQuality "1"]
[WhiteTeam "Philippines (W)"]
[BlackTeam "India (W)"]
[WhiteTeamCountry "PHI"]
[BlackTeamCountry "IND"]

1. c4 c5 2. Nf3 Nf6 3. Nc3 g6 4. d4 cxd4 5. Nxd4 Bg7 6. e4 Nc6 7. Be3 0-0 8. Be2 Nxd4 9. Bxd4 d6 10. Qd2 Bd7 11. 0-0 Bc6 12. f3 a5 13. Rfc1 Nd7 14. Be3 Nc5 15. Rab1 Be5 16. Bf1 e6 17. Bg5 f6 18. Be3 f5 19. exf5 Rxf5 20. f4 Bxc3 21. Qxc3 Ne4 22. Qe1 Qf6 23. Bd3 Rf8 24. Rc2 e5 25. fxe5 Qxe5 26. Re2 Rh5 27. g3 Nxg3 28. Rf2 Nf5 29. Bd2 Qf6 30. Bc3 Qg5+ 31. Kf1 Ne3+ 32. Ke2 Re8 33. Bf6 Ng4+ 34. Kd1 Rxe1+ 0-1

[Event "Eastern Asia-ch U20 Girls"]
[Site "Batangas"]
[Date "2019.12.14"]
[Round "7"]
[White "Mordido, Kylen Joy"]
[Black "Nguyen, Thien Ngan"]
[Result "1-0"]
[WhiteElo "2041"]
[BlackElo "1906"]
[PlyCount "103"]
[EventDate "2019.12.10"]
[EventType "swiss"]
[EventRounds "9"]
[EventCountry "PHI"]
[SourceTitle "CBM 193 Extra"]
[Source "ChessBase"]
[SourceDate "2020.01.31"]
[SourceVersion "1"]
[SourceVersionDate "2020.01.31"]
[SourceQuality "1"]

1. c4 e6 2. Nf3 d5 3. d4 Nf6 4. g3 Be7 5. Bg2 0-0 6. 0-0 dxc4 7. Ne5 c5 8. dxc5 Qc7 9. Nxc4 Bxc5 10. Qc2 Nc6 11. Nc3 Nd4 12. Qd3 e5 13. Bg5 Bf5 14. e4 Bg6 15. Bxf6 gxf6 16. Nd5 Qc6 17. Nce3 Rad8 18. Qd2 Qa6 19. Ng4 Rxd5 20. exd5 Qd6 21. Kh1 f5 22. Ne3 e4 23. b4 Bb6 24. Rfd1 f4 25. Nc4 e3 26. fxe3 fxe3 27. Qb2 Qe7 28. Nxb6 e2 29. Qxd4 exd1Q+ 30. Rxd1 axb6 31. d6 Qe2 32. d7 Rd8 33. Rc1 Bc2 34. h3 h6 35. Qg4+ Qxg4 36. hxg4 Rxd7 37. Rxc2 Rd4 38. Rb2 Rxg4 39. Kh2 Kg7 40. Bxb7 h5 41. Kh3 Kf6 42. a4 Kg5 43. a5 bxa5 44. bxa5 Ra4 45. Rb5+ f5 46. Bc8 h4 47. Rxf5+ Kg6 48. g4 Ra1 49. Kxh4 Rh1+ 50. Kg3 Rg1+ 51. Kf2 Ra1 52. a6 1-0